000 00589nam a2200169 i 4500
001 80421
003 ES-MaACL
005 20230906174218.0
007 t|
008 041028s1947 sp ||||1| spa d
100 1 _aHijas Palacios, José.
_963663
245 1 0 _aComentarios, divulgación y crítica de la Ley de arrendamientos urbanos /
_cJosé Hijas Palacios ; presentado por Ramón García del Valles Salas.
260 _aMadrid :
_b[s.n.,
_c1947] (
_fVoluntas)
300 _a582 p. ;
_c22 cm.
700 1 _aGarcía del Valle Salas, Ramón.
_954526
852 _aES-MaACL
_jC-4806
_bR.25341
999 _c80421
_d80421